| 000 | 00611nam a2200181 a 4500 | ||
|---|---|---|---|
| 008 | 120416s1969 ||||||||||||||||| || u | ||
| 020 | _a0050021370 | ||
| 050 | _aHD 69.D4 Cha | ||
| 100 | _aChampernowne, David Gawan | ||
| 245 | 1 | 0 | _aUncertainty and estimation in economics |
| 246 | _avol. 2 | ||
| 260 |
_aEdinburgh _bOliver and Boyd _c1969 |
||
| 300 | _avi, 426p. : ill | ||
| 350 | _a0.00 | ||
| 650 | _aECONOMIC MANAGEMENT | ||
| 650 | 0 | _aECONOMICS | |
| 995 |
_D0.00 _FCBU-MAIN LIBRARY (Kitwe) _H1 _I0.00 _M1 _UAVAILABLE _ZAnnex Low-Usage Collection |
||
| 999 |
_c60588 _d60588 |
||